Faculty of Law Library — Cairo University

Official Online Catalog

حكم محكمة العدل الدولية في النزاع القطري - البحريني وانعكاساته على قضية الجزر الإماراتية المحتلة / (Record no. 73409)

MARC details
000 -LEADER
fixed length control field 01452nam a2200337 i 4500
003 - CONTROL NUMBER IDENTIFIER
control field EG-GICUC
005 - DATE AND TIME OF LATEST TRANSACTION
control field 20260426093624.0
008 - FIXED-LENGTH DATA ELEMENTS--GENERAL INFORMATION
fixed length control field 260426s2005 ku ||||fr|||| 00| 0 ara d
017 ## - COPYRIGHT OR LEGAL DEPOSIT NUMBER
Copyright or legal deposit number 78/4404
020 ## - INTERNATIONAL STANDARD BOOK NUMBER
International Standard Book Number 10296069
040 ## - CATALOGING SOURCE
Original cataloging agency EG-GICUC
Language of cataloging ara
Transcribing agency EG-GICUC
Modifying agency EG-GICUC
Description conventions rda
041 #0 - LANGUAGE CODE
Language code of text/sound track or separate title ara
082 04 - DEWEY DECIMAL CLASSIFICATION NUMBER
Edition number 21
Classification number 341.511
Item number م ح . ح
092 04 - LOCALLY ASSIGNED DEWEY CALL NUMBER (OCLC)
Edition number 21
099 ## - LOCAL FREE-TEXT CALL NUMBER (OCLC)
Classification number Law1 11 341.511 م ح . ح 2005
100 0# - MAIN ENTRY--PERSONAL NAME
Personal name محمد حسن القاسمي
Relator term مؤلف.
245 00 - TITLE STATEMENT
Title حكم محكمة العدل الدولية في النزاع القطري - البحريني وانعكاساته على قضية الجزر الإماراتية المحتلة /
Statement of responsibility, etc. د. محمد حسن القاسمي.
264 #1 - PRODUCTION, PUBLICATION, DISTRIBUTION, MANUFACTURE, AND COPYRIGHT NOTICE
Place of production, publication, distribution, manufacture الكويت :
Name of producer, publisher, distributor, manufacturer مجلس النشر العلمي،
Date of production, publication, distribution, manufacture, or copyright notice 2005.
300 ## - PHYSICAL DESCRIPTION
Extent 87 صفحة،
Dimensions 24 سم.
336 ## - CONTENT TYPE
Source rda content
Content type term text
337 ## - MEDIA TYPE
Source rda media
Media type term Computer
338 ## - CARRIER TYPE
Source rda carrier
Carrier type term Online Resource
500 ## - GENERAL NOTE
General note مستلة مستخرج من مجلة الحقوق<br/>علمية محكمة تصدر عن مجلس النشر العلمي جامعة
504 ## - BIBLIOGRAPHY, ETC. NOTE
Bibliography, etc. note يشتمل على إرجاعات ببليوجرافية.<br/><br/>
546 ## - LANGUAGE NOTE
Language note النص باللغة العربية
590 ## - LOCAL NOTE (RLIN)
Local note إهداء مكتبة الأستاذ الدكتور صلاح عامر
650 14 - SUBJECT ADDED ENTRY--TOPICAL TERM
Topical term or geographic name entry element القانون الدولي العام
856 40 - ELECTRONIC LOCATION AND ACCESS
Uniform Resource Identifier <a href="https://fll.law.cu.edu.eg/fulltext/bks/B11-07749.pdf">https://fll.law.cu.edu.eg/fulltext/bks/B11-07749.pdf</a>
905 ## - Cataloger and Reviser Names
Cataloger Name: Basma Mohamed
942 ## - ADDED ENTRY ELEMENTS (KOHA)
Source of classification or shelving scheme Dewey Decimal Classification
Koha item type Books
Edition 21
Suppress in OPAC No
Holdings
Withdrawn status Lost status Source of classification or shelving scheme Damaged status Not for loan Collection Home library Current library Date acquired Source of acquisition Total checkouts Full call number Barcode Date last seen Copy number Price effective from Koha item type
    Dewey Decimal Classification   Not for loan القانون الدولي العام جــــامعة القــاهرة مكتبة كلية الحقوق - المبنى الرئيسي 26.04.2026 إهداء مكتبة الأستاذ الدكتور صلاح عامر   Law1 11 341.511 م ح . ح 2005 1107749 C1 B11-07749 26.04.2026 1 26.04.2026 Books

© All rights reserved — Faculty of Law, Cairo University